00860nam a2200157Ia 4500008004100000020002200041050002400063245005100087250001000138260010600148300002200254500021800276650007400494952011700568999001700685120721s9999 xx 000 0 und d a978-607-7620-60-0 aHF5616.M4 N675 2011 aNormas de información financiera (NIF) 2011 a5a ed aMéxico: Consejo Mexicano para la Investigación y Desarrollo de Normas de Información Financiera apag. varia; 22 cm a"Incluye boletines y circulares de la : Comisión de principios de contabilidad MCP... "el texto completo de Normas de Información Financiera considera la normatividad que encuentra en vigor 1 de enero de 2011" aContabilidad-Normas-México 2.Estados financieros-Normas-MéxicoÌ 00104070a08b08d2011-08-26l13m2oHF5616.M4 N675 2011p08 004061r2013-08-19s2013-08-19t2w2012-07-20yLB c82996d82996